Miraculous Ladybug Quiz! - Statistics

General Stats
  • This quiz has been taken 813 times
  • The average score is 13 of 15
Answer Stats
Question Answer % Correct
who is the main character? Marinette Dupain-Chang
100%
Who is the girl that invented the LadyBlog? Alya Cesaire
98%
Who is the biggest liar the main character has ever met? Lila Rossi
98%
Who is hawkmoths kwami? Nooroo
97%
Who is Chat noirs kwami? Plagg
97%
Who is Ladybugs kwami? Tikki
97%
Who is Rena rouges kwami? trixx
97%
What is Chat Noirs Real name? Adrien
95%
Who is Gabriel agreste's son? Adrien Agreste
95%
Who is Mayura's kwami? duusu
95%
What is Ladybugs real name? Marinette
93%
who is the daughter of mayor Bourgeios? Chloe Bourgeios
91%
What is another name for Giovanni? Nino Lahiffe
91%
who is Chloes "slave/maid"? Sabrina raincomprix
66%
Who does Mayura look like? Ballora (from Sister location/Afton Family)
2%
No matching quizzes found
Score Distribution
Percent of People with Each Score
Percentile by Number Answered
Your Score History
You have not taken this quiz